000 03866naa a2200445 4500
005 20080924111043.0
010 _aB-476296-312 B-476727-728
020 _a9788175155961
_c200.00
020 _a8175155965
_c200.00
035 _aB-476296-312 B-476727-728
037 _bBPPD/ PUB/Galgotia Publications
037 _bBlue Berry/Ven
082 _aS
245 _aLet's read Panchatantra tales-2 /
260 _aNew Delhi
_bGalgotia Publications
_c2010
270 _a5, Ansari Road,Darya Ganj
_bNew Delkhi
_e110002
300 1 _a131p.
_c24 cm. (Hb.)
700 _941957
942 _adpl
_cEN
_2ddc
_mLET
_hS
999 _c62757
_d62757